000 00404nam a2200181Ia 4500
008 210210b1948 xxu||||| |||| 00| 0 eng d
041 _aeng
082 _a829/329
100 _aDOUGLAS (L C)
245 _aForgive us our tresspasses
260 _aLondon
_b-
_c1948
650 _aus
650 _atresspasses
650 _aour
650 _aForgive
690 _aEnglish Fiction
906 _a016934
999 _c136860
_d136860